000
00290nam a22001337a 4500
008
171010b xxu||||| |||| 00| 0 eng d
020
_a
9780205361007
041
_a
eng
080
_a
316
100
_a
50
101
_a
SOC
245
_a
A WORLD FULL OF WOMEN
_c
WARD, M.C
942
_2
udc
_c
BK
999
_c
32733
_d
32733